书目信息 |
| 题名: |
第三种升迁
|
|
| 作者: | 七天 著 | |
| 分册: | ||
| 出版信息: | 昆明 云南人民出版社 2010.02 |
|
| 页数: | 283页 | |
| 开本: | 24cm | |
| 丛书名: | ||
| 单 册: | ||
| 中图分类: | I247.5 | |
| 科图分类: | ||
| 主题词: | 长篇小说--中国--当代 | |
| 电子资源: | ||
| ISBN: | 978-7-222-06242-9 | |
| 000 | 00965nam0 2200277 450 | |
| 001 | 012010604892 | |
| 005 | 20100619100021.09 | |
| 009 | 012004442073 | |
| 010 | @a978-7-222-06242-9@dCNY29.80 | |
| 100 | @a20100515d2010 em y0chiy0110 ea | |
| 101 | 0 | @achi |
| 102 | @aCN@b530000 | |
| 105 | @ay z 000ay | |
| 200 | 1 | @a第三种升迁@Adi san zhong sheng qian@e公安局长@f七天著 |
| 210 | @a昆明@c云南人民出版社@d2010.02 | |
| 215 | @a283页@d24cm | |
| 300 | @a名利场 | |
| 312 | @a封面其他题名信息:坐在火山口上的官员 | |
| 330 | @a本书讲述在市委书记宋之杰和市委副书记刘子寒的政治平衡中,钟鸣出人意料的在组织部人选之外成为公安局长。升迁后他觉得站在哪一方,对自己来说都是致命的,但不站队就没有危险了吗。 | |
| 517 | 1 | @a公安局长@Agong an ju zhang |
| 517 | 1 | @a坐在火山口上的官员@Azuo zai huo shan kou shang de guan yuan |
| 606 | 0 | @a长篇小说@y中国@z当代 |
| 690 | @aI247.5@v4 | |
| 701 | 0 | @a七天@Aqi tian@4著 |
| 801 | 0 | @aCN@c20100515 |
| 905 | @dI247.5@eQ0021@f3 | |
| 第三种升迁:公安局长/七天著.-昆明:云南人民出版社,2010.02 |
| 283页;24cm |
| 名利场 |
| ISBN 978-7-222-06242-9:CNY29.80 |
| 本书讲述在市委书记宋之杰和市委副书记刘子寒的政治平衡中,钟鸣出人意料的在组织部人选之外成为公安局长。升迁后他觉得站在哪一方,对自己来说都是致命的,但不站队就没有危险了吗。 |
| ● |
| 相关链接 |
|
|
|
正题名:第三种升迁
索取号:I247.5/Q0021
 
预约/预借
| 序号 | 登录号 | 条形码 | 馆藏地/架位号 | 状态 | 备注 |
| 1 | 988054 | 209880547 | 文学库108/108文学库 35排3列1层/ [索取号:I247.5/Q0021] | 在馆 | |
| 2 | 988055 | 209880556 | 文学库108/108文学库 35排3列1层/ [索取号:I247.5/Q0021] | 在馆 | |
| 3 | 988056 | 209880565 | 文学库108/108文学库 35排3列1层/ [索取号:I247.5/Q0021] | 在馆 |